000 00638nam a2200217Ia 4500
001 16044
003 GE_BSU
008 181216s||||||||xx |||||||||||||| ||und||
040 _cGE_BSU
080 _a821.353.1-31
100 _aხახუტაშვილი, ანა
245 _aიოსებ ლაღიაშვილი
245 _bრომანი
245 _cრედ. თ.შავიშვილი
260 _aთბილისი
260 _bფედერაცია
260 _c1941
300 _a189გვ. ; 22სმ
653 _aიოსებ ლაღიაშვილი
942 _cBK
999 _c49134
_d49134